Exposición de actividades culturales de la Diputación
Publicado:
San Jorge, núm. 70 - 71 (2n - 3r trimestre 1968), pàg 159 :
MARC
| LEADER | 00000nam a2200000Ia 4500 | ||
|---|---|---|---|
| 003 | BGR | ||
| 005 | 20260324175747.0 | ||
| 008 | 160829s9999 xx 000 0 cat d | ||
| 245 | |a Exposición de actividades culturales de la Diputación | ||
| 260 | |a San Jorge, núm. 70 - 71 (2n - 3r trimestre 1968), pàg 159 | ||
| 610 | 1 | 0 | |a Barcelona (Catalunya : Província). |b Diputació |9 52408 |
| 610 | 2 | 0 | |a Biblioteca Central (Barcelona, Catalunya) |v Exposicions |9 54534 |
| 711 | |a Asamblea de Instituciones de Cultura de las Diputaciones Provinciales |c (Barcelona : |d 1968) |9 70448 | ||
| 901 | |a Arxiu | ||
| 942 | |n 1 |2 udc |c MON | ||
| 952 | |0 0 |1 0 |4 0 |7 1 |9 49554 |a Arxiu |b Arxiu |d 2016-12-01 |l 0 |r 2016-12-01 00:00:00 |w 2016-12-01 |y ARXIU | ||
| 999 | |c 53396 |d 53396 | ||